000 01181ctm a22002651i 4500
003 SA-RiAUC
005 20251218131249.0
008 251208s1980 su f m 00010 ara c
040 _aSA-JeALM
_bara
_cSA-RiAUC
_erda
082 0 4 _a251.22
090 _aر 251.22
_bت ر ت
100 1 _aالترتوري، حسين مطاوع حسين
_eمؤلف.
245 1 2 _aالمشترك ودلالته على الأحكام /
_cحسين مطاوع حسين الترتوري ؛ إشراف محمد شعبان حسين.
264 0 _aمكة المكرمة :
_bجامعة الملك عبدالعزيز
_c1980
300 _a315 ورقة ؛
_c30 سم
336 _aنص
_btxt
_2rdacontent
_3أطروحة
337 _aبدون وسيط
_bn
_2rdamedia
338 _aمجلد
_bnc
_2rdacarrier
500 _aأطروحة (ماجستير)-جامعة أم القرى، كلية الشريعة، 1980.
502 _aأطروحة (ماجستير)-جامعة أم القرى، كلية الشريعة، 1980.
650 7 _aالأحكام الشرعية
_2aucsh
700 _aحسين, محمد شعبان .
_eإشراف
942 _2ddc
_cTHESES
_n0
949 _aSA-JeALM
_d251208
_umohamedma123
_n1
999 _c13585
_d13585